Microbiology Principles and explorations

Enregistré dans:
Détails bibliographiques
Auteur principal: jacquelyn G. Black
Format: Livre
Langue:Undetermined
Publié: Upper Saddle River, New Jersey Prentice Hall International 1999
Sujets:
Tags: Ajouter un tag
Pas de tags, Soyez le premier à ajouter un tag!
Thư viện lưu trữ: Trung tâm Học liệu Trường Đại học Cần Thơ
LEADER 00509nam a2200181Ia 4500
001 CTU_48877
008 210402s9999 xx 000 0 und d
082 |a 579 
082 |b B628 
100 |a jacquelyn G. Black 
245 0 |a Microbiology 
245 0 |b Principles and explorations 
245 0 |c jacquelyn G. Black 
260 |a Upper Saddle River, New Jersey 
260 |b Prentice Hall International 
260 |c 1999 
650 |a microbiology 
980 |a Trung tâm Học liệu Trường Đại học Cần Thơ